Les fires modernistes
Descripción Física:
1 full : il·lustracions color ; 15 x 10,5 cm
Materias:
Modernisme (Art) -- Barcelona (Catalunya : Província)
; Fires -- Barcelona (Catalunya : Província)
; Targetes postals
Idioma:
Catalán
MARC
| LEADER | 00000nam a22000007a 4500 | ||
|---|---|---|---|
| 001 | 29350 | ||
| 003 | AGDB | ||
| 005 | 20260324181547.0 | ||
| 008 | 260209b spa||||| |||| 00| 0 cat d | ||
| 017 | |a B 5282-2025 | ||
| 040 | |a agdb |b cat | ||
| 100 | |a Martínez García, Ana |9 73024 |e autora fotografia de portada | ||
| 245 | |a Les fires modernistes | ||
| 260 | |a Barcelona : |b Diputació de Barcelona, |c 2025 | ||
| 300 | |a 1 full : |b il·lustracions color ; |c 15 x 10,5 cm | ||
| 500 | |a Llistat de les Fires Modernistes celebrades a la província de Barcelona al llarg del 2025. | ||
| 650 | 0 | |a Modernisme (Art) |z Barcelona (Catalunya : Província) |9 56052 | |
| 650 | 0 | |a Fires |x Barcelona (Catalunya : Província) |9 38336 | |
| 655 | 0 | |a Targetes postals |9 52685 | |
| 710 | 1 | |a Barcelona (Catalunya : Província). |b Diputació |9 52408 | |
| 942 | |2 udc |c ARXIU |n 1 | ||
| 952 | |0 0 |1 0 |2 udc |4 0 |6 FU7938 |7 1 |9 99111 |a Arxiu |b Arxiu |d 2026-02-09 |l 0 |o FU-79-38 |p 29350 |r 2026-02-09 10:57:41 |w 2026-02-09 |y ARXIU | ||
| 999 | |c 130766 |d 130766 | ||